| 000 | 00996nam a2200265 i 4500 | ||
|---|---|---|---|
| 001 | bg | ||
| 100 | 1 | _aJAROSZEWICZ, Jerzy | |
| 245 | 1 | 0 |
_aMetody analizy drgań i stateczności kontynualno-dyskretnych układów mechanicznych / _cJerzy Jaroszewicz, Longin Zoryj. |
| 260 |
_aBiałystok : _bDział Wydawnictw i Poligrafii, _c1997. |
||
| 300 |
_a128 s. : _brys., wykr. ; _c23 cm. |
||
| 490 | 1 |
_aRozprawy Naukowe / Politechnika Białostocka, _x0867-096X ; _vNr 54 |
|
| 504 | _aBibliogr. s. 120-128. | ||
| 650 | 9 |
_aDrgania _xmechanika |
|
| 650 | 9 |
_aMaszyny _xmechanika _xbadanie |
|
| 650 | 9 |
_aRównania różniczkowe _xstosowanie _xmechanika |
|
| 650 | 9 |
_aMetody i |zagadnienia brzegowe _xstosowanie _zmechanika |
|
| 700 | 1 | _aZORYJ, Longin | |
| 710 | 0 | _aPOLITECHNIKA BIAŁOSTOCKA (Białystok) | |
| 830 | 0 |
_aRozprawy Naukowe (Politechnika Białostocka) ; _vNr 54 |
|
| 040 | _cBPK | ||
| 041 | 0 | _apl | |
| 080 | _a621.01:534:519.61/.65 | ||
| 942 | _cKS | ||
| 008 | s pl f |000 0 pol | ||
| 999 |
_c32777 _d32777 |
||
| 856 |
_uhttp://koha.tu.koszalin.pl/cgi-bin/koha/opac-detail.pl?biblionumber=32777 _yKatalog online BPK |
||